Archivio della nuova procedura penale

Detalles Bibliográficos
Formato: Desconocido
Lenguaje:italiano
Publicado: Piacenza : La Tribuna
Materias:
Acceso en línea:Acceso restringido

MARC

LEADER 00000ny a22000003n 4500
005 20110510125614.0
008 080820s1999 it zn s 000 b0ita c
022 |a 1120-687X 
035 |a 2122 
040 |a UMA.RE  |d vLex 
080 |a 343(051)(0.034) 
080 |a 343.1(051)(0.034) 
090 |c 1531  |d 1531 
245 0 0 |a Archivio della nuova procedura penale  |h [Recurso electrn̤ico] 
256 |a Servicio en ln̕ea 
260 |a Piacenza :  |b La Tribuna 
310 |a Bimensual 
506 1 |a Contenido solo disponible en los productos indicados  |d vLex Global  |d vLex Global (Academic Edition, excluding Law Schools)  |d vLex Global (U.S. Academic Edition, Law Schools)  |d vLex Global (U.S. Academic Edition, excluding Law Schools)  |d vLex Global (Academic Edition, Law Schools) 
650 0 4 |a Derecho penal  |x Publicaciones perid̤icas 
650 0 4 |a Procedimiento (Derecho)  |x Publicaciones perid̤icas 
650 0 4 |a Procesal 
650 0 4 |a Derecho penal 
650 0 4 |a Proceso penal 
740 0 |a vLex Revista (Servicios en ln̕ea) 
853 |8 1  |i (year)  |j (month)  |k (day) 
856 4 0 |u http://vlex.com/source/2122  |z Acceso restringido 
942 |c REV